000 00305nam a22001337a 4500
008 171102b xxu||||| |||| 00| 0 eng d
020 _a9780324224856
041 _aeng
080 _a33
100 _a59
101 _aBUS
245 _aCREATING THE NEW E-BUSINESS COMPANY
_cGENDRON,M.P
942 _2udc
_cBK
999 _c37213
_d37213